Kapitanát

Bibliographic Details
Main Author: Livada, Raša, 1948-2007 (Author)
Other Authors: Lipka, František, 1946- (Translator)
Format: Article
Language:Slovak
Serbian
Subjects:

MARC

LEADER 00000nab a2200000 a 4500
001 vtls000320066
003 SK-MaSNL
005 20260304014336.0
008 241209c1988 xo 0 slo
015 |a SNBRB19rr/mm-uuuuu 
035 |a CL0320188 
040 |a SNKBUCL  |b slo  |c SNKBUCL  |e AACR2 
041 1 |a slo  |h scc 
044 |a xo  |c SK 
080 |a 886.1-1  |2 1981 
100 1 |a Livada, Raša,  |d 1948-2007  |4 aut  |9 125731 
245 1 0 |a Kapitanát  |c Raša Livada ; preložil František Lipka 
500 |a Pod spoločným názvom Karanténa 
655 7 |a články z novín a časopisov  |2 snkbucl  |9 267496 
655 7 |a články z odboru literárna veda a krásna literatúra  |2 snkbucl  |9 770045 
655 7 |a srbská poézia  |2 snkbucl  |9 70688 
700 1 |a Lipka, František,  |d 1946-  |4 trl  |9 97545 
773 0 |t Revue svetovej literatúry  |g Roč. 24, č. 3 (1988), s. 6 
850 |a Slovenská národná knižnica v Martine 
852 |a Slovenská národná knižnica v Martine 
954 |a beletria cudzojazyčná (svetová)  |2 lita 
958 |a RK 
958 |a LX 
999 |c 2583713  |d 2585643